| 000 | 00518nam a2200157Ia 4500 | ||
|---|---|---|---|
| 008 | 170221s9999 xx 000 0 und d | ||
| 100 | _aNilanjana Pal Santoshi Halder | ||
| 245 | _aStudy on Communication Barriers in the Classroom: A Teacher’s Perspective | ||
| 245 | _cNilanjana Pal Santoshi Halder, Abhijit Guha | ||
| 260 | _bOnline Journal of Communication and Media Technologies | ||
| 260 | _c2016 | ||
| 300 | _a6 : 1 | ||
| 650 | _xCommunication | ||
| 650 | _xMedia Arts | ||
| 856 | _uhttp://www.ojcmt.net/ | ||
| 999 |
_c306895 _d306895 |
||